Baby animals / (Record no. 1718)

MARC details
000 -LEADER
fixed length control field 01243pam a2200373 a 4500
001 - CONTROL NUMBER
control field data
005 - DATE AND TIME OF LATEST TRANSACTION
control field 20260322212114.0
008 - FIXED-LENGTH DATA ELEMENTS--GENERAL INFORMATION
fixed length control field data
035 ## - SYSTEM CONTROL NUMBER
System control number 2437257
010 ## - LIBRARY OF CONGRESS CONTROL NUMBER
LC control number 88018481
020 ## - INTERNATIONAL STANDARD BOOK NUMBER
International Standard Book Number 0394820401 :
Terms of availability $10.95
020 ## - INTERNATIONAL STANDARD BOOK NUMBER
International Standard Book Number 0394920406 (lib. bdg.) :
Terms of availability $11.99
020 ## - INTERNATIONAL STANDARD BOOK NUMBER
International Standard Book Number 9780394820408
020 ## - INTERNATIONAL STANDARD BOOK NUMBER
International Standard Book Number 9780394920405
035 ## - SYSTEM CONTROL NUMBER
-- (DLC) 88018481
040 ## - CATALOGING SOURCE
Original cataloging agency DLC
Transcribing agency DLC
Modifying agency DLC
042 ## - AUTHENTICATION CODE
Authentication code lcac
050 00 - LIBRARY OF CONGRESS CALL NUMBER
Classification number PZ10.3.B7656
Item number Bab 1989
082 00 - DEWEY DECIMAL CLASSIFICATION NUMBER
Classification number [E]
Edition information 19
100 1# - MAIN ENTRY--PERSONAL NAME
Personal name Brown, Margaret Wise,
Dates associated with a name 1910-1952.
245 10 - TITLE STATEMENT
Title Baby animals /
Statement of responsibility, etc. Margaret Wise Brown ; illustrated by Susan Jeffers.
260 ## - PUBLICATION, DISTRIBUTION, ETC.
Place of publication, distribution, etc. New York :
Name of publisher, distributor, etc. Random House,
Date of publication, distribution, etc. c1989.
300 ## - PHYSICAL DESCRIPTION
Extent [28] p. :
Other physical details col. ill. ;
Dimensions 29 cm.
336 ## - CONTENT TYPE
Content type term text
Content type code txt
Source rdacontent
337 ## - MEDIA TYPE
Media type term unmediated
Media type code n
Source rdamedia
338 ## - CARRIER TYPE
Carrier type term volume
Carrier type code nc
Source rdacarrier
520 ## - SUMMARY, ETC.
Summary, etc. Relates the morning, noon, and evening activities of several young animals and a little girl.
650 #0 - SUBJECT ADDED ENTRY--TOPICAL TERM
Topical term or geographic name entry element Animals
General subdivision Juvenile fiction.
650 #1 - SUBJECT ADDED ENTRY--TOPICAL TERM
Topical term or geographic name entry element Animals
General subdivision Fiction.
700 1# - ADDED ENTRY--PERSONAL NAME
Personal name Jeffers, Susan,
Relator term ill.
906 ## - LOCAL DATA ELEMENT F, LDF (RLIN)
a 7
b cbc
c orignew
d 1
e ocip
f 19
g y-gencatlg
991 ## -
-- c-GenColl
-- PZ10.3.B7656
-- Bab 1989
-- 00005587633
-- Copy 1
-- BOOKS
Holdings
Withdrawn status Lost status Damaged status Not for loan Home library Current library Shelving location Date acquired Total checkouts Full call number Barcode Date last seen Price effective from Koha item type
        Fairview Fairview General stacks 22/03/2026   [E] LOC-FPL-00003 22/03/2026 22/03/2026 Books